000 00663 a2200193 4500
010 _aENG-88947
020 _a9780195692426
_c595.00
035 _aEN-72480
037 _bDBAD / PUB
082 1 4 _a379.5409034
090 _c9710
_d9710
100 _aSeth, Sanjay
245 1 _aSubject lessons :
_cby Sanjay Seth
_bthe western education of Colonial India /
260 _aNew Delhi
_bOxford University Press
_c2008
300 _ax, 263p. ;
_c22 cm (Hb)
500 _aIncludes bibliographical references and index
942 _adpl
_cEN
_k379.5409034 / SET
999 _c9533
_d9533